[Event "XVIII MIEDZYNARODOWY FESTIWAL SZACHOWY PERLA BALTYKU - GRUPA A (FIDE min. 1700)"]
[Site "LAZY"]
[Date "1899-12-30"]
[Round "3.16"]
[White "Galeziewski, Olaf"]
[Black "Kietrys, Maciej"]
[Result "1/2-1/2"]
[WhiteTitle "II+"]
[BlackTitle "I"]
[WhiteElo "1633"]
[BlackElo "1833"]

1. d4 d5 2. c4 c6 3. cxd5 cxd5 4. Nc3 Nc6 5. Nf3 e6 6. Bf4 Bd6 7. Bxd6 Qxd6 8.
e3 Nf6 9. Bd3 O-O 10. O-O a6 1/2-1/2

[Event "XVIII MIEDZYNARODOWY FESTIWAL SZACHOWY PERLA BALTYKU - GRUPA A (FIDE min. 1700)"]
[Site "LAZY"]
[Date "1899-12-30"]
[Round "3.18"]
[White "Kossowski, Pawel"]
[Black "Dylong, Antoni"]
[Result "1/2-1/2"]
[WhiteTitle "I"]
[BlackTitle "I"]
[WhiteElo "1737"]
[BlackElo "1576"]

1. e4 e6 2. d4 d5 3. Nd2 Nf6 4. e5 Nfd7 5. Bd3 c5 6. c3 Nc6 7. Ne2 cxd4 8. cxd4
f6 9. exf6 Nxf6 10. O-O Bd6 11. Nf3 O-O 12. Bf4 Bxf4 13. Nxf4 Ng4 14. Qd2 Qf6
15. Nh5 Qh6 16. Qxh6 Nxh6 17. Rfe1 Nf5 18. Bxf5 Rxf5 19. Ng3 Rf8 20. Re3 Bd7 21.
Ne2 Rac8 22. a3 b6 23. g3 Na5 24. b3 Rc2 25. Nf4 Bc8 26. Rb1 Rf5 27. Ne1 Ra2 28.
Rc1 Ba6 29. Nc2 Rb2 30. Nb4 Nxb3 31. Rxb3 Rxb3 32. Nxa6 Rxa3 33. Nc7 g5 34. Nfxe6
h5 35. Rc2 a6 36. h3 b5 37. Kg2 b4 38. Nc5 b3 39. Rb2 Ra2 40. Nd3 Rxb2 41. Nxb2
a5 42. Ne6 Rf6 43. Nc5 Rb6 44. Kf3 g4+ 45. hxg4 hxg4+ 46. Ke3 Rf6 47. Ncd3 Rc6
48. Nc5 Rf6 49. Nbd3 Rb6 50. Na4 Rc6 51. Kf4 Rc4 1/2-1/2

[Event "XVIII MIEDZYNARODOWY FESTIWAL SZACHOWY PERLA BALTYKU - GRUPA A (FIDE min. 1700)"]
[Site "LAZY"]
[Date "1899-12-30"]
[Round "4.1"]
[White "Mulet, Piotr"]
[Black "Banasik, Krzysztof"]
[Result "0-1"]
[WhiteTitle "FM"]
[BlackTitle "k+"]
[WhiteElo "2111"]
[BlackElo "2199"]

1. d4 Nf6 2. c4 g6 3. Nc3 Bg7 4. e4 d6 5. Nf3 O-O 6. Be2 Nc6 7. O-O e5 8. d5 Ne7
9. b4 Nd7 10. Nd2 f5 11. f3 f4 12. Nb3 g5 13. c5 Nf6 14. Bd2 Ng6 15. Rc1 Rf7 16.
Be1 h5 17. Qc2 g4 18. cxd6 cxd6 19. Kh1 g3 20. hxg3 fxg3 21. Bxg3 Bh6 22. Rce1
h4 23. Bh2 Nh5 24. Nd1 Qg5 25. f4 Nhxf4 26. Ne3 Bd7 27. Bf3 Bb5 28. Nf5 Bxf1 29.
Rxf1 Bf8 30. Na5 Nh5 31. Bxh5 Qxh5 32. Nc4 Rc8 33. Qd3 Qg5 34. b5 Kh7 35. a4 b6
36. Nfxd6 Rxf1+ 37. Qxf1 Bxd6 38. Qf7+ Kh8 39. Nxd6 h3 40. Qe8+ Rxe8 41. Nf7+
Kg7 42. Nxg5 hxg2+ 43. Kxg2 Kf6 44. Ne6 Rc8 45. a5 bxa5 46. Bg1 a4 47. Bc5 Nf4+
48. Nxf4 Rxc5 0-1

[Event "XVIII MIEDZYNARODOWY FESTIWAL SZACHOWY PERLA BALTYKU - GRUPA A (FIDE min. 1700)"]
[Site "LAZY"]
[Date "1899-12-30"]
[Round "4.2"]
[White "Zabron, Maksym"]
[Black "Kaliszuk, Kamil"]
[Result "1-0"]
[WhiteTitle "I++"]
[BlackTitle "k"]
[WhiteElo "1947"]
[BlackElo "2088"]

1. d4 Nf6 2. c4 e6 3. Nc3 c5 4. d5 exd5 5. cxd5 d6 6. e4 g6 7. f4 Bg7 8. Bb5+ Nfd7
9. a4 O-O 10. Nf3 Re8 11. O-O a6 12. Bd3 Qc7 13. Re1 c4 14. Bc2 Nc5 15. h3 Nbd7
16. Ra3 Rb8 17. a5 b5 18. axb6 Nxb6 19. Kh1 h6 20. Ra2 Bb7 21. Be3 Rbd8 22. Bd4
Bxd4 23. Qxd4 Rc8 24. Raa1 Ba8 25. f5 Kh7 26. e5 Nd3 27. Bxd3 dxe5 28. fxg6+ fxg6
29. Bxg6+ Kxg6 30. Nxe5+ Kh7 31. Qe4+ Kg8 32. Qg6+ Qg7 33. Qxb6 Rxe5 34. Rxe5
Qxe5 35. Qg6+ Kh8 36. Qxh6+ Kg8 37. Rf1 1-0

[Event "XVIII MIEDZYNARODOWY FESTIWAL SZACHOWY PERLA BALTYKU - GRUPA A (FIDE min. 1700)"]
[Site "LAZY"]
[Date "1899-12-30"]
[Round "4.3"]
[White "Bury, Milosz"]
[Black "Betkowski, Andrzej"]
[Result "1/2-1/2"]
[WhiteTitle "II"]
[BlackTitle "k"]
[WhiteElo "1685"]
[BlackElo "2063"]

1. e4 e6 2. d4 d5 3. exd5 exd5 4. Nf3 Bd6 5. Bd3 Nc6 6. c3 Bg4 7. h3 Bh5 8. Be3
Nge7 9. Qc2 Bg6 10. Nbd2 Qd7 11. Bxg6 Nxg6 12. O-O-O O-O-O 13. Nb3 b6 14. h4 h5
15. Rde1 Rde8 16. g3 Nce7 17. Bd2 Qf5 18. Qxf5+ Nxf5 19. Ng5 Nh6 20. Kc2 Kd7 21.
a4 c5 22. Nc1 Re7 23. Rxe7+ Nxe7 24. Re1 cxd4 25. cxd4 Nc6 26. Bc3 f6 27. Ne6
Nf5 28. Nd3 Re8 29. Ndf4 Ncxd4+ 30. Nxd4 Nxd4+ 31. Kd3 Rxe1 32. Bxe1 Bxf4 33.
Kxd4 Be5+ 34. Kxd5 Bxb2 35. f3 Be5 36. Bf2 Bd6 37. g4 g6 38. gxh5 gxh5 39. Bd4
Be7 40. f4 Bd8 41. f5 a6 42. Bc3 1/2-1/2

[Event "XVIII MIEDZYNARODOWY FESTIWAL SZACHOWY PERLA BALTYKU - GRUPA A (FIDE min. 1700)"]
[Site "LAZY"]
[Date "1899-12-30"]
[Round "4.5"]
[White "Pijewski, Milosz"]
[Black "Ciszewski, Krzysztof"]
[Result "0-1"]
[WhiteTitle "II"]
[BlackTitle "I++"]
[WhiteElo "1496"]
[BlackElo "2017"]

1. Nf3 d5 2. b3 Nf6 3. Bb2 c6 4. d4 Bg4 5. Nbd2 Nbd7 6. g3 e6 7. Bg2 Bd6 8. c4
O-O 9. O-O a5 10. a3 Re8 11. Ne5 Bh5 12. f4 c5 13. Bf3 Bxf3 14. Rxf3 a4 15. Kg2
cxd4 16. Nxd7 Qxd7 17. Bxd4 e5 18. fxe5 Bxe5 19. e3 axb3 20. Qxb3 Bxd4 21. exd4
dxc4 22. Nxc4 Re2+ 23. Kf1 Rxh2 24. Ne5 Qh3+ 25. Ke1 Qg2 26. Qd3 Nd5 27. Rf1 Nb4
0-1

[Event "XVIII MIEDZYNARODOWY FESTIWAL SZACHOWY PERLA BALTYKU - GRUPA A (FIDE min. 1700)"]
[Site "LAZY"]
[Date "1899-12-30"]
[Round "4.6"]
[White "Rawicz, Karol"]
[Black "Stepinski, Piotr"]
[Result "1-0"]
[WhiteTitle "FM"]
[BlackTitle "I"]
[WhiteElo "2186"]
[BlackElo "1697"]

1. d4 Nf6 2. c4 g6 3. Nc3 d5 4. Bf4 c6 5. e3 Nh5 6. Bxb8 Rxb8 7. cxd5 cxd5 8. Qa4+
Bd7 9. Bb5 e6 10. Bxd7+ Qxd7 11. Qxa7 Bd6 12. Nf3 O-O 13. O-O Qc6 14. Ne5 Bxe5
15. dxe5 Ra8 16. Qd4 Rfc8 17. Rfd1 Ra5 18. g4 Ng7 19. Rac1 Rc5 20. Ne2 Qb5 21.
Rxc5 Rxc5 22. Rc1 Rxc1+ 23. Nxc1 h5 24. h3 hxg4 25. hxg4 Qc6 26. Nd3 Ne8 27. Nf4
Kg7 28. Nh3 Qc4 29. Qxc4 dxc4 30. Ng5 Nc7 31. Ne4 b5 32. a3 Kf8 33. Kf1 Ke7 34.
g5 Na6 35. Ke2 Kd7 36. Nd6 Kc6 37. Nxf7 Kd5 38. f4 Nc5 39. Nh8 Na4 40. Nxg6 Nxb2
41. Ne7+ Ke4 42. g6 c3 43. g7 Nc4 44. g8=Q c2 45. Qa8# 1-0

[Event "XVIII MIEDZYNARODOWY FESTIWAL SZACHOWY PERLA BALTYKU - GRUPA A (FIDE min. 1700)"]
[Site "LAZY"]
[Date "1899-12-30"]
[Round "4.7"]
[White "Gbiorczyk, Mikolaj"]
[Black "Mielczarski, Miroslaw"]
[Result "0-1"]
[WhiteTitle "I"]
[BlackTitle "k"]
[WhiteElo "1781"]
[BlackElo "2115"]

1. d4 g6 2. c4 Bg7 3. e4 b6 4. Nc3 Bb7 5. Be3 e6 6. f4 d6 7. Nf3 Nd7 8. Bd3 Ne7
9. Qe2 c5 10. d5 exd5 11. cxd5 a6 12. a4 O-O 13. O-O Re8 14. Rad1 Nf6 15. Rfe1
Ng4 16. Bb1 Nxe3 17. Qxe3 Nf5 18. Qf2 Nd4 19. Nxd4 Bxd4 20. Rxd4 cxd4 21. Qxd4
Rc8 22. e5 dxe5 23. fxe5 Rxc3 24. bxc3 Qxd5 25. Qxd5 Bxd5 26. Bd3 a5 27. Kf2 Rc8
28. Rc1 Rc5 29. Bb5 Bb7 30. g3 Rxe5 31. Rd1 Rd5 32. Rxd5 Bxd5 33. Ke3 f5 34. Kd4
Be4 35. Ke5 Kf7 36. h4 Ke7 37. g4 h6 38. g5 hxg5 39. hxg5 Bb7 40. Kf4 Bc8 41.
Ke5 Bd7 42. Bc4 Bxa4 43. Bg8 Bc6 44. Bb3 a4 45. Bc2 a3 46. Bb3 Be4 47. Ba2 b5
48. Kd4 Kd6 49. c4 bxc4 50. Kc3 Bd3 0-1

[Event "XVIII MIEDZYNARODOWY FESTIWAL SZACHOWY PERLA BALTYKU - GRUPA A (FIDE min. 1700)"]
[Site "LAZY"]
[Date "1899-12-30"]
[Round "4.8"]
[White "Krainski, Aleksander"]
[Black "Zareba, Piotr"]
[Result "1-0"]
[WhiteTitle "FM"]
[BlackTitle "II"]
[WhiteElo "2053"]
[BlackElo "1708"]

1. d4 Nf6 2. Nf3 d5 3. e3 c5 4. Be2 Nc6 5. O-O Bf5 6. dxc5 e6 7. a3 a5 8. c4 dxc4
9. Bxc4 Bxc5 10. Nc3 O-O 11. Qxd8 Rfxd8 12. Re1 Bg4 13. Bb5 Bxf3 14. gxf3 Ne5
15. Be2 Rd7 16. f4 Nd3 17. Rd1 Rad8 18. Rxd3 Rxd3 19. Bxd3 Rxd3 20. Kf1 Rd8 21.
Ke2 Nd5 22. Ne4 Bf8 23. Bd2 Rc8 24. Rb1 a4 25. Rc1 Rd8 26. Nc3 Nb6 27. Nb5 Rd5
28. Nd4 Rd7 29. Ba5 Nd5 30. Rc8 g6 31. Nf3 b6 32. Bd2 Kg7 33. Rb8 Bd6 34. Ra8
b5 35. Ne5 Rb7 36. Nd3 f6 37. e4 Nb6 38. Ra6 Nc4 39. Bc3 Kf7 40. e5 fxe5 41. fxe5
Be7 42. Rc6 g5 43. f4 h6 44. Kf3 Nb6 45. Ke4 Nd5 46. f5 Nxc3+ 47. Rxc3 exf5+ 48.
Kxf5 Rb6 49. Rc7 Rb8 50. Nb4 Rf8 51. Nd5 Kg8+ 52. Kg6 Bd8 53. Rd7 Ba5 54. Rg7+
Kh8 55. Rh7+ Kg8 56. Ne7# 1-0

[Event "XVIII MIEDZYNARODOWY FESTIWAL SZACHOWY PERLA BALTYKU - GRUPA A (FIDE min. 1700)"]
[Site "LAZY"]
[Date "1899-12-30"]
[Round "4.9"]
[White "Slawinski, Miroslaw"]
[Black "Bochniak, Franciszek"]
[Result "1/2-1/2"]
[WhiteTitle "k"]
[BlackTitle "I+"]
[WhiteElo "2025"]
[BlackElo "1664"]

1. d4 d5 2. c4 e5 3. dxe5 d4 4. Nf3 Nc6 5. g3 Nge7 6. Bg2 Ng6 7. Bf4 Bc5 8. Nbd2
a5 9. Ne4 Bb4+ 10. Kf1 O-O 11. a3 Be7 12. h4 Bg4 13. h5 Bxf3 14. Bxf3 Ngxe5 15.
Bg2 Nxc4 16. Qc2 Nb6 17. g4 Nd5 18. Bd2 Qd7 19. g5 b6 20. g6 Ne5 21. gxh7+ Kh8
22. h6 g6 23. Ng5 f6 24. Nf3 Nxf3 25. Bxf3 Kxh7 26. Qc4 Rad8 27. Qxd4 Bc5 28.
Qc4 Qe6 29. Rc1 Qf7 30. Rg1 f5 31. b4 axb4 32. axb4 Be7 33. Rc2 c5 34. bxc5 Bxc5
35. Bc1 Nb4 36. Qxf7+ Rxf7 37. Rd2 Rfd7 38. Rxd7+ Rxd7 39. Kg2 Nc2 40. e4 Nd4
41. exf5 Nxf5 42. Bg4 Rf7 43. Rd1 Nh4+ 44. Kh3 Nf3 45. Be3 Bxe3 46. fxe3 Kxh6
47. Rd6 Ng5+ 48. Kh4 Rb7 49. Bh5 Nf7 50. Rxg6+ Kh7 51. Rf6 Kg7 52. Rg6+ Kh7 53.
Re6 b5 54. Bf3 Rd7 55. Rb6 Re7 56. e4 Ne5 57. Bg2 Ng6+ 58. Kg5 Rg7 59. Bh3 Ne5+
60. Kf5 Nf3 61. Kf4 Nd4 62. Bf5+ Kg8 63. Ke5 Nf3+ 64. Kd5 Rg5 65. Rxb5 Kf7 66.
Kd6 Nd4 67. Rb7+ Kf6 68. Bd7 Re5 69. Bf5 Nxf5+ 70. exf5 Rxf5 1/2-1/2

[Event "XVIII MIEDZYNARODOWY FESTIWAL SZACHOWY PERLA BALTYKU - GRUPA A (FIDE min. 1700)"]
[Site "LAZY"]
[Date "1899-12-30"]
[Round "4.10"]
[White "Kejna, Piotr"]
[Black "Przybylski, Bartosz"]
[Result "1-0"]
[WhiteTitle "CM"]
[BlackTitle "I"]
[WhiteElo "1970"]
[BlackElo "1679"]

1. e4 c6 2. d4 d5 3. Nc3 dxe4 4. Nxe4 Nf6 5. Nxf6+ exf6 6. c3 Bd6 7. Bd3 O-O 8.
Qc2 Re8+ 9. Ne2 h5 10. O-O Nd7 11. Bf4 Rxe2 12. Qxe2 Bxf4 13. Qe4 Bxh2+ 14. Kxh2
Nf8 15. Bc4 Qd6+ 16. Kg1 Bd7 17. Rfe1 Ne6 18. Bxe6 Bxe6 19. Re3 Bd5 20. Qh4 g6
21. b3 Kg7 22. Rae1 g5 23. Qh2 Qxh2+ 24. Kxh2 Be6 25. c4 Rd8 26. Rd3 Kg6 27. Red1
Bf5 28. R3d2 Bd7 29. d5 c5 30. Re1 f5 31. b4 cxb4 32. c5 Bb5 33. Re7 Ba6 34. d6
Kf6 35. Rc7 Ke6 36. Rd1 h4 37. d7 Ke7 38. Re1+ 1-0

[Event "XVIII MIEDZYNARODOWY FESTIWAL SZACHOWY PERLA BALTYKU - GRUPA A (FIDE min. 1700)"]
[Site "LAZY"]
[Date "1899-12-30"]
[Round "4.11"]
[White "Kotowicz, Kamil"]
[Black "Bartlomowicz, Jakub"]
[Result "1-0"]
[WhiteTitle "I"]
[BlackTitle "I"]
[WhiteElo "1770"]
[BlackElo "1922"]

1. d4 d5 2. Nf3 Nf6 3. Bf4 c5 4. c3 Nc6 5. e3 e6 6. Nbd2 Be7 7. Bd3 O-O 8. h3 b6
9. O-O Bb7 10. Qe2 h6 11. Rfe1 Rc8 12. Rac1 Re8 13. Bb1 c4 14. e4 b5 15. e5 Nd7
16. Nh2 Bf8 17. Qg4 Kh8 18. h4 f5 19. Qh3 Ne7 20. h5 Ng8 21. g4 fxg4 22. Qxg4
Be7 23. Kh1 Bg5 24. Rg1 Qe7 25. Bxg5 Qxg5 26. Qxg5 hxg5 27. Rxg5 a5 28. Rcg1 Re7
29. Ndf3 Nh6 30. Ng4 Nf7 31. Nh4 Nf8 32. Ng6+ Nxg6 33. Rxg6 Bc6 34. h6 gxh6 35.
Nxh6 1-0

[Event "XVIII MIEDZYNARODOWY FESTIWAL SZACHOWY PERLA BALTYKU - GRUPA A (FIDE min. 1700)"]
[Site "LAZY"]
[Date "1899-12-30"]
[Round "4.12"]
[White "Goral, Jan"]
[Black "Szydelko, Michal"]
[Result "1-0"]
[WhiteTitle "I"]
[BlackTitle "I++"]
[WhiteElo "1700"]
[BlackElo "1833"]

1. Nf3 Nf6 2. c4 e6 3. g3 b6 4. Bg2 Bb7 5. O-O Be7 6. d4 O-O 7. Nc3 d5 8. Ne5 Nbd7
9. Qa4 c6 10. e4 Nxe5 11. dxe5 Nxe4 12. Nxe4 dxe4 13. Bxe4 Qd4 14. Re1 Rfc8 15.
Qc2 g6 16. Bf4 b5 17. Red1 Qc5 18. Rd7 Ba6 19. Be3 Qxe5 20. Bd4 Qb8 21. Rxe7 Qd6
22. Bf6 e5 23. Bh4 f6 24. Bxf6 Qxf6 25. Rd7 bxc4 26. Rad1 Rf8 27. R1d6 Qg5 28.
h4 Qg4 29. Bxg6 Rf6 30. Bxh7+ Kh8 31. Rd8+ Rf8 32. Bg8 Qf5 33. Qxf5 Rxf5 34. Rxa8
1-0

[Event "XVIII MIEDZYNARODOWY FESTIWAL SZACHOWY PERLA BALTYKU - GRUPA A (FIDE min. 1700)"]
[Site "LAZY"]
[Date "1899-12-30"]
[Round "4.13"]
[White "Kietrys, Maciej"]
[Black "Hury, Tymoteusz"]
[Result "1-0"]
[WhiteTitle "I"]
[BlackTitle "I"]
[WhiteElo "1833"]
[BlackElo "1679"]

1. e4 e5 2. Nf3 Nc6 3. d4 exd4 4. Bc4 Nf6 5. e5 d5 6. Bb5 Ne4 7. Nxd4 Bd7 8. Bxc6
bxc6 9. O-O Bc5 10. c3 Qe7 11. f3 Ng5 12. Nd2 Ne6 13. N2b3 Bb6 14. Be3 Nxd4 15.
cxd4 O-O 16. Qd2 f6 17. f4 a5 18. Rac1 a4 19. Nc5 Bxc5 20. Rxc5 f5 21. Qc2 Rfb8
22. Bd2 a3 23. b4 Rb5 24. Rc1 Rxc5 25. Qxc5 Qxc5 26. Rxc5 Ra4 27. Kf2 Kf7 28.
Ke2 Ke6 29. Kd3 Be8 30. Rc1 Bd7 31. h3 g6 32. Rc5 Ra8 33. Kc3 h6 34. Kb3 Kf7 35.
Bc1 Rg8 36. Kxa3 g5 37. g3 g4 38. h4 Ra8+ 39. Kb3 h5 40. a4 Ra7 41. Ba3 Ke6 42.
Ra5 Rxa5 43. bxa5 Bc8 44. Kb4 Bb7 45. Kc5 Kd7 46. Bb4 Ba8 47. a6 Kc8 48. Ba5 Kd8
49. e6 Kc8 50. e7 Kd7 51. e8=Q+ Kxe8 52. Bxc7 Kd7 53. Be5 Kc8 54. Kd6 Kd8 55.
Ke6 1-0

[Event "XVIII MIEDZYNARODOWY FESTIWAL SZACHOWY PERLA BALTYKU - GRUPA A (FIDE min. 1700)"]
[Site "LAZY"]
[Date "1899-12-30"]
[Round "4.14"]
[White "Bancarewicz, Aleks"]
[Black "Galeziewski, Olaf"]
[Result "0-1"]
[WhiteTitle "I+"]
[BlackTitle "II+"]
[WhiteElo "1786"]
[BlackElo "1633"]

1. e4 c5 2. Nf3 e6 3. d4 cxd4 4. Nxd4 Nf6 5. Nc3 Nc6 6. Nxc6 bxc6 7. e5 Nd5 8.
Ne4 Qc7 9. f4 Qb6 10. c4 Bb4+ 11. Ke2 Ba6 12. Kf3 f5 13. Nf2 Ne7 14. Be3 Qb7 15.
Qb3 c5+ 16. Kg3 Qc7 17. Nd3 Rb8 18. Qc2 g5 19. fxg5 f4+ 20. Bxf4 Nf5+ 21. Kf2
Nd4 22. Qd1 O-O 23. Qh5 Rxf4+ 24. Nxf4 Qxe5 25. g3 Rf8 26. Be2 Nxe2 27. Qxe2 Qxg5
28. h4 Qg7 29. Kg1 Rxf4 30. Kh2 Bxc4 31. Qh5 Rf2+ 32. Kh3 e5 33. Rhg1 Be6+ 34.
g4 e4 35. a3 Qxb2 36. Raf1 Rh2+ 37. Kg3 Be1+ 38. Kf4 Qd2+ 39. Ke5 Qd4+ 40. Kf4
e3+ 41. Kg5 Bxh4+ 42. Kh6 Qg7# 0-1

[Event "XVIII MIEDZYNARODOWY FESTIWAL SZACHOWY PERLA BALTYKU - GRUPA A (FIDE min. 1700)"]
[Site "LAZY"]
[Date "1899-12-30"]
[Round "4.15"]
[White "Zeissel, Andrzej"]
[Black "Kossowski, Pawel"]
[Result "1/2-1/2"]
[WhiteTitle "I"]
[BlackTitle "I"]
[WhiteElo "1624"]
[BlackElo "1737"]

1. e4 e5 2. Nc3 Nf6 3. Bc4 Nc6 4. d3 Bb4 5. Nge2 d5 6. exd5 Nxd5 7. O-O Be6 8.
Ne4 Be7 9. f4 Nxf4 10. Bxf4 Bxc4 11. dxc4 exf4 12. Nxf4 O-O 13. Nd5 f5 14. Ng3
Bc5+ 15. Kh1 g6 16. Qe1 Qd6 17. Rd1 Rae8 18. Qc3 Bd4 19. Rxd4 Nxd4 20. Qxd4 c6
21. Qf4 Qxf4 22. Nxf4 g5 23. Nd3 f4 24. Nh5 Re2 25. h4 h6 26. hxg5 hxg5 27. g3
Rf7 28. Kg1 f3 29. Rf2 Re4 30. Kf1 Rf5 31. b3 Kh7 32. Rd2 Kg6 33. Nf2 Re2 34.
Rd6+ Kf7 35. g4 Ke7 36. gxf5 Kxd6 37. f6 Ke6 38. Nh3 Re5 39. Kf2 Kf7 40. Kxf3
Kg6 41. Ng3 Kxf6 42. Ne4+ Kf5 43. Nhxg5 Re7 44. c5 b5 45. cxb6 axb6 46. Ke3 b5
47. Kd4 Ra7 48. Kc5 Rxa2 49. c3 Ra6 50. Kd4 Ra7 51. Nf7 Ke6 52. Nfd6 Ra1 53. Kc5
Kd7 54. b4 Rc1 55. Nxb5 cxb5 56. Kxb5 Kc7 57. c4 Re1 58. Nc3 Re5+ 59. c5 Kb7 60.
Na4 Rh5 61. Nb6 Rg5 62. Nc4 Rh5 63. Nd6+ Kc7 64. Nc4 Kb7 65. Na5+ Kc7 66. Ka6
Rh8 67. c6 Rb8 68. Nb7 Kxc6 69. b5+ Kc7 70. b6+ Kc6 71. Na5+ Kd5 1/2-1/2

[Event "XVIII MIEDZYNARODOWY FESTIWAL SZACHOWY PERLA BALTYKU - GRUPA A (FIDE min. 1700)"]
[Site "LAZY"]
[Date "1899-12-30"]
[Round "4.16"]
[White "Krasniewski, Maciej"]
[Black "Blaszkiewicz, Jakub"]
[Result "1/2-1/2"]
[WhiteTitle "I"]
[BlackTitle "II"]
[WhiteElo "1737"]
[BlackElo "1405"]

1. d4 d5 2. c4 c6 3. Nc3 Nf6 4. Nf3 e6 5. e3 Nbd7 6. b3 Ne4 7. Nxe4 dxe4 8. Nd2
f5 9. Bb2 Bd6 10. c5 Bc7 11. Bc4 Nf6 12. Qc2 O-O 13. h3 Nd5 14. a3 Qh4 15. Bxd5
exd5 16. Nf1 f4 17. Bc1 f3 18. g3 Qh5 19. h4 Bd7 20. Bb2 b6 21. a4 Rfc8 22. Ba3
Qh6 23. Bb4 Kh8 24. Kd2 Bd8 25. Nh2 Be7 26. Qc3 Rab8 27. Kc2 Qf6 1/2-1/2

[Event "XVIII MIEDZYNARODOWY FESTIWAL SZACHOWY PERLA BALTYKU - GRUPA A (FIDE min. 1700)"]
[Site "LAZY"]
[Date "1899-12-30"]
[Round "4.17"]
[White "Makhynia, Kostiantyn"]
[Black "Dylong, Antoni"]
[Result "1/2-1/2"]
[WhiteTitle "II"]
[BlackTitle "I"]
[WhiteElo "1717"]
[BlackElo "1576"]

1. d4 Nf6 2. Nf3 e6 3. e3 b6 4. Bd3 Bb7 5. O-O Be7 6. b3 O-O 7. Bb2 c5 8. Nbd2
d5 9. Qe2 Nc6 10. c4 Qc7 11. Rad1 Rfd8 12. Ne5 Rac8 13. Ndf3 Bd6 14. Nxc6 Qxc6
15. Ne1 cxd4 16. exd4 Qc7 17. h3 Bf4 18. Nf3 Qc6 19. Rfe1 Ne8 20. Qc2 h6 21. Ba3
Nd6 22. c5 Nb5 23. Bb4 a5 24. a4 Nc7 25. Ba3 Ne8 26. Qe2 bxc5 27. Bb5 Qc7 28.
dxc5 Qb8 29. g3 Bg5 30. Nd4 Bf6 31. Kh2 Bxd4 32. Rxd4 Bc6 33. b4 axb4 34. Bxb4
Qa7 35. Qd2 Rd7 36. g4 Bxb5 37. axb5 Qb8+ 38. Qf4 Qxb5 1/2-1/2

[Event "XVIII MIEDZYNARODOWY FESTIWAL SZACHOWY PERLA BALTYKU - GRUPA A (FIDE min. 1700)"]
[Site "LAZY"]
[Date "1899-12-30"]
[Round "4.18"]
[White "Merecki, Antoni"]
[Black "Borkowski, Szymon"]
[Result "1/2-1/2"]
[WhiteTitle "II"]
[BlackTitle "I"]
[WhiteElo "1543"]
[BlackElo "1715"]

1. e4 c5 2. Nc3 Nc6 3. Bb5 Nd4 4. Nf3 a6 5. Bd3 g6 6. b3 Bg7 7. Bb2 d6 8. h3 e6
9. O-O Ne7 10. Nxd4 Bxd4 11. Qc1 O-O 12. Ne2 Bxb2 13. Qxb2 Nc6 14. c3 b5 15. Bc2
d5 16. d4 cxd4 17. cxd4 dxe4 18. Bxe4 Bb7 19. Rfd1 Qf6 20. Rd2 Na5 21. Bxb7 Nxb7
22. Rad1 Rfd8 23. Qb1 Rac8 24. Qe4 Nd6 25. Qe5 Ne8 26. Ng3 Rd5 27. Qe3 Nd6 28.
Rd3 h5 29. Ne2 b4 30. Nf4 Ra5 31. Qg3 Ne4 32. Qf3 Nc3 33. Qb7 Qd8 34. R1d2 Nxa2
35. d5 Rc1+ 36. Kh2 Qc7 37. Qxc7 Rxc7 38. dxe6 fxe6 39. Nxg6 Kf7 40. Nf4 Nc3 41.
Rf3 Ke8 42. Nxe6 Rd7 43. Rxd7 Kxd7 44. Nd4 Rd5 45. Nf5 Ne4 46. g4 hxg4 47. hxg4
a5 48. Kg2 Nd2 49. Re3 a4 50. Ne7 Rd4 51. Nf5 Rd5 52. Ne7 Rd4 1/2-1/2

[Event "XVIII MIEDZYNARODOWY FESTIWAL SZACHOWY PERLA BALTYKU - GRUPA A (FIDE min. 1700)"]
[Site "LAZY"]
[Date "1899-12-30"]
[Round "5.2"]
[White "Ciszewski, Krzysztof"]
[Black "Gradalski, Olaf"]
[Result "0-1"]
[WhiteTitle "I++"]
[BlackTitle "k"]
[WhiteElo "2017"]
[BlackElo "2049"]

1. d4 d5 2. c4 e6 3. Nc3 Nf6 4. cxd5 exd5 5. Bg5 Be7 6. e3 c6 7. Bd3 Nbd7 8. Nge2
h6 9. Bh4 O-O 10. f3 c5 11. Bf2 Qb6 12. Qc2 Nb8 13. Rb1 Nc6 14. a3 c4 15. Bf5
Qa5 16. O-O b5 17. Bxc8 Raxc8 18. e4 b4 19. Nxd5 Nxd5 20. exd5 Qxd5 21. axb4 Nxb4
22. Qe4 Qd7 23. Nc3 Rfe8 24. Rfd1 Bg5 25. Qg4 f5 26. Qg3 Nd3 27. b3 Nxf2 28. Kxf2
cxb3 29. f4 Bxf4 30. Qxf4 Rxc3 31. d5 Rc2+ 32. Kg1 b2 33. d6 Ree2 34. Qf3 a5 35.
h4 a4 36. h5 a3 37. Qxa3 Rxg2+ 38. Kh1 Kh7 39. Qf3 Rh2+ 40. Kg1 Qa7+ 0-1

[Event "XVIII MIEDZYNARODOWY FESTIWAL SZACHOWY PERLA BALTYKU - GRUPA A (FIDE min. 1700)"]
[Site "LAZY"]
[Date "1899-12-30"]
[Round "5.3"]
[White "Krainski, Aleksander"]
[Black "Rawicz, Karol"]
[Result "1-0"]
[WhiteTitle "FM"]
[BlackTitle "FM"]
[WhiteElo "2053"]
[BlackElo "2186"]

1. d4 Nf6 2. Nf3 e6 3. e3 b6 4. Be2 Bb7 5. O-O g6 6. c4 Bg7 7. Nc3 O-O 8. b4 a5
9. b5 d6 10. Qc2 Nbd7 11. Ba3 Re8 12. Rad1 e5 13. dxe5 Nxe5 14. Nd5 Bxd5 15. cxd5
Nxf3+ 16. Bxf3 Nd7 17. g3 f5 18. Bg2 a4 19. Rb1 Nc5 20. Bxc5 bxc5 21. a3 Kh8 22.
Rfc1 Qb8 23. Qd3 Qa7 24. Rc4 Qa5 25. h4 Rab8 26. Rc2 Rf8 27. Bh3 Rbe8 28. h5 Re5
29. hxg6 hxg6 30. Rc4 Qa8 31. Bg2 Qe8 32. Rxa4 g5 33. Bf3 Kg8 34. Kg2 Qf7 35.
b6 cxb6 36. Rxb6 g4 37. Be2 Qh5 38. Bf1 Rf6 39. Kg1 Qf7 40. Rb8+ Bf8 41. Raa8
Qh5 42. Bg2 f4 43. gxf4 Re7 44. a4 Rg7 45. Qe4 g3 46. f3 Qf7 47. Re8 Qb7 48. Bh3
Qb2 49. Be6+ Rgf7 50. Rxf8+ Kg7 51. Rg8+ 1-0

[Event "XVIII MIEDZYNARODOWY FESTIWAL SZACHOWY PERLA BALTYKU - GRUPA A (FIDE min. 1700)"]
[Site "LAZY"]
[Date "1899-12-30"]
[Round "5.4"]
[White "Mielczarski, Miroslaw"]
[Black "Kotowicz, Kamil"]
[Result "1-0"]
[WhiteTitle "k"]
[BlackTitle "I"]
[WhiteElo "2115"]
[BlackElo "1770"]

1. c4 e6 2. d4 d5 3. Nf3 c6 4. e3 f5 5. Be2 Bd6 6. O-O Nd7 7. b3 Ngf6 8. Ba3 Qe7
9. Bxd6 Qxd6 10. Qc2 Ne4 11. Nc3 O-O 12. Nd2 Ndf6 13. Ndxe4 Nxe4 14. f3 Nxc3 15.
Qxc3 Rf6 16. b4 Rh6 17. g3 g5 18. Rf2 Bd7 19. Bf1 Rf8 20. a4 Kh8 21. b5 f4 22.
exf4 gxf4 23. g4 Rg6 24. Re1 Bc8 25. Re5 Rd8 26. c5 Qe7 27. bxc6 bxc6 28. Rb2
Qc7 29. Qe1 Rf8 30. Bd3 Rg7 31. a5 Kg8 32. a6 Rff7 33. Qb4 Rf8 34. Kg2 Qe7 35.
Rh5 Qf7 36. Kf1 Qc7 37. Re2 Bd7 38. Qb7 Bc8 39. Qxc7 Rxc7 40. Rb2 Rf6 41. Rb8
h6 42. Re5 Kg7 43. h4 Rf8 44. Kf2 Rh8 45. Rb1 Rf7 46. Ree1 Kf6 47. Rb8 Rc7 48.
Rb4 Re7 49. Re5 Rhe8 50. Rb1 Bd7 51. Ke2 Kg7 52. Kd2 Rf7 53. Kc3 Bc8 54. Rg1 Rh8
55. Rh5 Rff8 56. g5 hxg5 57. Rhxg5+ Kf6 58. Rg7 Rf7 59. Rg8 Rxg8 60. Rxg8 Rc7
61. h5 Bxa6 62. Rg6+ Kf7 63. Bxa6 Re7 64. Bd3 Re8 65. Rg4 Rh8 66. Rxf4+ Kg7 67.
Bg6 1-0

[Event "XVIII MIEDZYNARODOWY FESTIWAL SZACHOWY PERLA BALTYKU - GRUPA A (FIDE min. 1700)"]
[Site "LAZY"]
[Date "1899-12-30"]
[Round "5.5"]
[White "Bury, Milosz"]
[Black "Mulet, Piotr"]
[Result "0-1"]
[WhiteTitle "II"]
[BlackTitle "FM"]
[WhiteElo "1685"]
[BlackElo "2111"]

1. e4 e5 2. Nf3 Nc6 3. d4 exd4 4. Nxd4 Bc5 5. Nxc6 Qf6 6. Qf3 dxc6 7. Nc3 Be6 8.
Be3 Qxf3 9. gxf3 Bxe3 10. fxe3 O-O-O 11. Rg1 g6 12. Bd3 Ne7 13. O-O-O h5 14. h4
c5 15. b3 c6 16. a4 Kc7 17. Ne2 Rhf8 18. Nf4 Bd7 19. Rd2 Bc8 20. Rgd1 b6 21. Bc4
Rxd2 22. Rxd2 a6 23. Bf1 b5 24. c4 bxa4 25. bxa4 f6 26. Bh3 Bxh3 27. Nxh3 Rb8
28. Nf4 Rb4 29. Rg2 Rxc4+ 30. Kb2 Rb4+ 31. Kc3 Rxa4 32. Nxg6 Nc8 33. Nf4 Nd6 34.
Rg7+ Kb6 35. Nxh5 c4 36. Nxf6 Nb5+ 37. Kc2 Ra2+ 38. Kc1 Na3 39. Nd7+ Kb5 40. Ne5
c3 41. Rb7+ Ka4 42. Kd1 Rd2+ 43. Ke1 Nc2+ 44. Kf1 Nxe3+ 45. Ke1 Ng2+ 46. Kf1 c2
0-1

[Event "XVIII MIEDZYNARODOWY FESTIWAL SZACHOWY PERLA BALTYKU - GRUPA A (FIDE min. 1700)"]
[Site "LAZY"]
[Date "1899-12-30"]
[Round "5.6"]
[White "Betkowski, Andrzej"]
[Black "Kejna, Piotr"]
[Result "1/2-1/2"]
[WhiteTitle "k"]
[BlackTitle "CM"]
[WhiteElo "2063"]
[BlackElo "1970"]

1. e4 c5 2. Nc3 Nc6 3. g3 g6 4. Bg2 Bg7 5. d3 d6 6. Be3 e6 7. Qd2 Nge7 8. Bh6 Bxh6
9. Qxh6 Nd4 10. Qd2 Nec6 11. Nd1 Qa5 12. Qxa5 Nxa5 13. Ne3 Nac6 14. c3 Nb5 15.
Ne2 Nc7 16. O-O-O b6 17. d4 Ba6 18. Rhe1 O-O-O 19. c4 e5 20. dxc5 dxc5 21. Nc3
Rd4 22. b3 Rhd8 23. Ned5 Kb8 24. f4 Bc8 25. Rf1 Ne6 26. Nb5 Rxd1+ 27. Rxd1 Ned4
28. Nbc3 Be6 29. Rf1 h5 30. h4 1/2-1/2